Abridged US States and Capitals Quiz Stats

 Plays Quiz Updated Nov 21, 2018

Score 0/100 Timer 07:00
4 Plays Today
** State or Capital % Correct
UTH DAKOTSouth Dakota
83.1%
LT LAKE CITSalt Lake City
83%
UTH CAROLINSouth Carolina
83%
RTH CAROLINNorth Carolina
82.9%
SSISSIPPMississippi
82.8%
W MEXICNew Mexico
82.8%
RTH DAKOTNorth Dakota
82.8%
W HAMPSHIRNew Hampshire
82.6%
LAHOMA CITOklahoma City
82.5%
ODE ISLANRhode Island
82.5%
FFERSON CITJefferson City
82.5%
NNSYLVANIPennsylvania
82.5%
W JERSENew Jersey
82.4%
SSACHUSETTMassachusetts
82.3%
W YORNew York
82.2%
NNECTICUConnecticut
82%
TTLE ROCLittle Rock
81.9%
ST VIRGINIWest Virginia
81.6%
NNESOTMinnesota
81.5%
DIANAPOLIIndianapolis
81.5%
NNESSETennessee
81.4%
SSOURMissouri
81.3%
LIFORNICalifornia
81.2%
NTGOMERMontgomery
80.7%
SHINGTOWashington
80.4%
OVIDENCProvidence
80.2%
SCONSIWisconsin
79.9%
RSON CITCarson City
79.9%
LLAHASSETallahassee
79.8%
TON ROUGBaton Rouge
79.8%
RINGFIELSpringfield
79.4%
BRASKNebraska
79.3%
S MOINEDes Moines
78.9%
SHVILLNashville
78.5%
** State or Capital % Correct
ARLESTOCharleston
78.3%
ABAMAlabama
77.8%
LAHOMOklahoma
77.2%
KANSAArkansas
77%
NTA FSanta Fe
76.8%
CRAMENTSacramento
76.4%
LINOIIllinois
76.1%
RRISBURHarrisburg
76.1%
NTUCKKentucky
75.1%
RGINIVirginia
74.8%
NOLULHonolulu
74.6%
IZONArizona
74.5%
GUSTAugusta
74.1%
NTPELIEMontpelier
73.6%
LORADColorado
73.5%
EYENNCheyenne
72.9%
ASKAlaska
71.9%
LUMBIColumbia
71.6%
DIANIndiana
71%
LUMBUColumbus
70.6%
ANKFORFrankfort
69.2%
YMPIOlympia
68.7%
RYLANMaryland
68.3%
RTFORHartford
67.8%
ORIDFlorida
67.6%
CKSOJackson
67.4%
CHIGAMichigan
67%
VADNevada
66.8%
UISIANLouisiana
66.3%
CHMONRichmond
66.1%
LAWARDelaware
65.6%
LANTAtlanta
65.2%
SMARCBismarck
65%
WAIHawaii
64.4%
** State or Capital % Correct
PEKTopeka
63.8%
XATexas
61.5%
NAPOLIAnnapolis
61.1%
LEIGRaleigh
60%
WIowa
57.1%
NTANMontana
55.3%
OENIPhoenix
54.1%
ORGIGeorgia
53.9%
PAUSt. Paul
52.4%
DISOMadison
51.8%
NCOLLincoln
51%
NVEDenver
48.7%
IOhio
47.9%
NSAKansas
45.5%
NCORConcord
43.2%
RMONVermont
42.2%
EGOOregon
41.4%
AUtah
37.3%
STOBoston
36.2%
ENTOTrenton
35.9%
STIAustin
34.2%
OMINWyoming
33.6%
BANAlbany
32.3%
AHIdaho
31.5%
NSINLansing
29.6%
ERRPierre
29%
VEDover
29%
INMaine
26.5%
LENHelena
21.3%
ISBoise
21.1%
NEAJuneau
20.7%
LESalem
18.8%

You're not logged in!

Compare scores with friends on all Sporcle quizzes.
OR
Log In

Show Comments

Extras

Top Quizzes Today


Score Distribution

Your Account Isn't Verified!

In order to create a playlist on Sporcle, you need to verify the email address you used during registration. Go to your Sporcle Settings to finish the process.

Report this User

Report this user for behavior that violates our Community Guidelines.

Details: